000 004920000a22001810004500
020 _a0-8361-1223-7
041 0 _aSPA
082 0 4 _aG 289.7 W474q
100 1 _aWenger, J. C.
245 1 0 _aQué creen los Menonitas / J. C. Wenger ; Ernesto Suárez Vilela, Traductor
260 _aScottdale, Pennsylvania : Herald
300 _a75 Pág.
001 14347
942 _cBK
999 _c43224
_d43224
336 _atexto
_btxt
_2rdacontent
337 _2rdamedia
_asin mediación
_bn
338 _2rdacarrier
_avolumen
_bnc